000 00433nam a2200181Ia 4500
001 2871
005 20260306144839.0
008 260306t2021||||xx |||||||||||||| ||spa||
041 _aESP
082 _a230.9
_bP43
100 _aPeretó Rivas, Rubén
_eAUT
245 0 _aEl nacimiento de la cultura cristiana
260 _c2021
300 _a194 páginas :
_c21 cm.
650 _aGEN
654 _aCHU
942 _cLIB
_dJUS
_fJUS
_2ddc
_n
999 _c2871
_d2871